| 000 | 00577nam a2200205Ia 4500 | ||
|---|---|---|---|
| 003 | OSt | ||
| 005 | 20240325140216.0 | ||
| 008 | 210210b1925 xxu||||| |||| 00| 0 eng d | ||
| 040 | _cAL | ||
| 041 | _aKannada | ||
| 082 | _a854/298 | ||
| 100 |
_aVENKATESHA AYYANGAR MASTI ವೆಂಕಟೇಶ ಅಯ್ಯಂಗಾರ್ ಮಾಸ್ತಿ _9133529 |
||
| 245 |
_aVimarshe 2 _bವಿಮರ್ಶೆ ೨ |
||
| 260 |
_aBengaluru _b- _c1925 |
||
| 650 |
_aVimarshe _9133530 |
||
| 650 |
_a2 _9133531 |
||
| 690 |
_aKannada Criticism _9133532 |
||
| 906 | _a020147 | ||
| 942 |
_2ddc _cBK |
||
| 999 |
_c144299 _d144299 |
||